[Event "Timisoara Foisor Memorial Rapid"]
[Site "Timisoara"]
[Date "2023.08.06"]
[Round "5"]
[White "Pasti, Aron"]
[Black "Coman, Mihnea George"]
[Result "1-0"]
[WhiteElo "2354"]
[BlackElo "2216"]
[PlyCount "117"]
[EventDate "2023.08.05"]
[EventType "swiss (rapid)"]
[EventRounds "10"]
[EventCountry "ROU"]
[SourceTitle "EXT 2024"]
[Source "ChessBase"]
[SourceDate "2023.10.10"]
[SourceVersion "1"]
[SourceVersionDate "2023.10.10"]
[SourceQuality "1"]

1. e4 e6 2. d4 d5 3. Nc3 Bb4 4. e5 c5 5. Bd2 Ne7 6. a3 Bxc3 7. Bxc3 b6 8. Bb5+ Bd7 9. Bd3 Nbc6 10. f4 c4 11. Be2 Nf5 12. g3 b5 13. Qd2 a5 14. b4 axb4 15. axb4 Rxa1+ 16. Bxa1 Qb6 17. Nf3 h5 18. 0-0 0-0 19. Kg2 Ra8 20. Bc3 f6 21. h3 h4 22. gxh4 Rf8 23. Kh2 Be8 24. Bb2 Bh5 25. exf6 Rxf6 26. Ng5 Be8 27. Bg4 Nce7 28. Re1 Qd6 29. h5 Bd7 30. c3 Nh6 31. Bc1 Qa6 32. Qe2 Nef5 33. Qd2 Qd6 34. Re5 Qa6 35. Qc2 Qa1 36. Re1 Qa6 37. Bd2 Be8 38. Qb2 Qd6 39. Ra1 Nxg4+ 40. hxg4 Nh6 41. Kg3 Bc6 42. Ra6 g6 43. Qc2 Nf7 44. Nxf7 Kxf7 45. h6 g5 46. Qh7+ Ke8 47. Qh8+ Rf8 48. Qe5 gxf4+ 49. Bxf4 Qd7 50. Qd6 Bb7 51. Qxe6+ Qxe6 52. Rxe6+ Kf7 53. Rb6 Bc8 54. Rxb5 Rg8 55. g5 Be6 56. Rb7+ Kg6 57. b5 Bf5 58. b6 Ra8 59. Ra7 1-0

[Event "Timisoara Foisor Memorial Rapid"]
[Site "Timisoara"]
[Date "2023.08.05"]
[Round "3"]
[White "Pijpers, Arthur"]
[Black "Coman, Mihnea George"]
[Result "1-0"]
[WhiteElo "2442"]
[BlackElo "2216"]
[PlyCount "63"]
[EventDate "2023.08.05"]
[EventType "swiss (rapid)"]
[EventRounds "10"]
[EventCountry "ROU"]
[SourceTitle "CBM 215 Extra"]
[Source "ChessBase"]
[SourceDate "2023.09.30"]
[SourceVersion "1"]
[SourceVersionDate "2023.09.30"]
[SourceQuality "1"]

1. e4 e6 2. d4 d5 3. Nc3 Bb4 4. e5 c5 5. a3 Bxc3+ 6. bxc3 Ne7 7. Qg4 Qc7 8. Qxg7 Rg8 9. Qxh7 cxd4 10. Ne2 dxc3 11. f4 Nbc6 12. Qd3 d4 13. Nxd4 Nxd4 14. Qxd4 Bd7 15. Rg1 Nf5 16. Qf2 Qc6 17. Bd3 Qd5 18. Be3 Nxe3 19. Qxe3 Rxg2 20. Rxg2 Qxg2 21. Be4 Qxh2 22. 0-0-0 Bc6 23. Bxc6+ bxc6 24. Qd4 Kf8 25. Kb1 Re8 26. Qxc3 Rb8+ 27. Ka1 Qxf4 28. Qc5+ Kg7 29. Rg1+ Kh6 30. Qc3 Kh7 31. Qh3+ Qh6 32. Qf3 1-0

[Event "Brasov GP RO"]
[Site "Brasov"]
[Date "2023.07.19"]
[Round "5"]
[White "Panush, Viktor"]
[Black "Coman, Mihnea George"]
[Result "0-1"]
[WhiteElo "1865"]
[BlackElo "2197"]
[PlyCount "102"]
[EventDate "2023.07.16"]
[EventType "swiss"]
[EventRounds "9"]
[EventCountry "ROU"]
[SourceTitle "CBM 215 Extra"]
[Source "ChessBase"]
[SourceDate "2023.09.30"]
[SourceVersion "1"]
[SourceVersionDate "2023.09.30"]
[SourceQuality "1"]

1. e4 c5 2. Nf3 Nc6 3. d3 g6 4. g3 Bg7 5. Bg2 e6 6. 0-0 Nge7 7. c3 d5 8. Nbd2 0-0 9. Re1 e5 10. exd5 Nxd5 11. Nc4 Re8 12. a4 h6 13. a5 Rb8 14. Nfd2 Be6 15. Ne4 Bf8 16. Ned2 Qc7 17. Nf3 Bg7 18. Qa4 b5 19. axb6 axb6 20. Qc2 b5 21. Ne3 Nb6 22. h3 Rbd8 23. Ng4 g5 24. Be3 f5 25. Ngh2 Ne7 26. Ra5 Bd7 27. Rea1 f4 28. Ra7 Qd6 29. Bd2 Kh8 30. Ne1 Bf5 31. R1a6 Nec8 32. Rb7 c4 33. Qc1 cxd3 34. gxf4 gxf4 35. Kh1 Re7 36. c4 Rxb7 37. Bxb7 Qc7 38. Bg2 Qxc4 39. Qd1 Qf7 40. Ba5 Rd6 41. Bb4 Rd7 42. Bc6 Rc7 43. Bg2 e4 44. Bd6 Nxd6 45. Rxb6 Nc4 46. Rxb5 d2 47. Nc2 e3 48. fxe3 Nxe3 49. Qxd2 Rxc2 50. Qd8+ Kh7 51. Bd5 Rc1+ 0-1

[Event "Bucharest Grand Prix"]
[Site "Bucharest"]
[Date "2023.04.30"]
[Round "10"]
[White "Coman, Mihnea George"]
[Black "Baltag, Iulian"]
[Result "1-0"]
[WhiteElo "2197"]
[BlackElo "2414"]
[PlyCount "177"]
[EventDate "2023.04.29"]
[EventType "swiss (rapid)"]
[EventRounds "10"]
[EventCountry "ROU"]
[SourceTitle "CBM 213 Extra"]
[Source "ChessBase"]
[SourceDate "2023.05.31"]
[SourceVersion "1"]
[SourceVersionDate "2023.05.31"]
[SourceQuality "1"]

1. e4 c5 2. Nf3 Nc6 3. d4 cxd4 4. Nxd4 Nf6 5. Nc3 d6 6. Bg5 e6 7. Qd2 a6 8. 0-0-0 Bd7 9. f3 h6 10. Be3 h5 11. Bg5 b5 12. Kb1 Ne5 13. a3 Rc8 14. f4 Ng6 15. Qe1 Qc7 16. Bd3 Be7 17. h3 Qc5 18. Nb3 Qc7 19. Qe2 Ng8 20. e5 d5 21. Bxg6 fxg6 22. Bxe7 Nxe7 23. g4 Qc4 24. Qf2 h4 25. Rhf1 Qc7 26. Nd4 Qb6 27. Ndxb5 Qxf2 28. Nd6+ Kf8 29. Rxf2 Rb8 30. f5 gxf5 31. gxf5 exf5 32. Nxd5 Nxd5 33. Rxd5 Rh5 34. Rc5 g6 35. Ne4 Be6 36. b4 Rb5 37. c3 Kg7 38. a4 Rb8 39. Rc7+ Kf8 40. Nc5 Bc8 41. Rd2 Ke8 42. e6 f4 43. Kc1 Rxc5 44. Rxc5 Bxe6 45. Rc6 Bf5 46. Rf2 Kd7 47. Rc5 Bxh3 48. Rxf4 Rh8 49. Rd4+ Ke6 50. Rc6+ Kf7 51. Rxa6 Bf5 52. Rd2 h3 53. Rh2 Rd8 54. Ra7+ Kf6 55. Rh7 Rd3 56. Kb2 g5 57. Rh6+ Kg7 58. Rh5 Kg6 59. Rh8 g4 60. Rg8+ Kf6 61. Rf8+ Kg5 62. Rf2 Be4 63. Rg8+ Kh4 64. Rf4 Bf3 65. Rf6 Kg3 66. Rh6 Rd2+ 67. Kb3 Rd1 68. Rgh8 Rb1+ 69. Kc4 Re1 70. b5 Ra1 71. Kb4 Rb1+ 72. Kc5 Ra1 73. Kb4 Rb1+ 74. Kc5 Ra1 75. Kb4 Bd1 76. a5 Ra4+ 77. Kc5 Rxa5 78. c4 Ra3 79. b6 Bf3 80. Kd6 Rd3+ 81. Ke5 Re3+ 82. Kd4 Re4+ 83. Kd3 Rf4 84. c5 Kg2 85. c6 Rb4 86. b7 Bxc6 87. b8Q Rxb8 88. Rxb8 Bd7 89. Ke3 1-0

[Event "Bucharest Grand Prix"]
[Site "Bucharest"]
[Date "2023.04.30"]
[Round "5"]
[White "Samunenkov, Igor"]
[Black "Coman, Mihnea George"]
[Result "1-0"]
[WhiteElo "2501"]
[BlackElo "2197"]
[PlyCount "55"]
[EventDate "2023.04.29"]
[EventType "swiss (rapid)"]
[EventRounds "10"]
[EventCountry "ROU"]
[SourceTitle "CBM 213 Extra"]
[Source "ChessBase"]
[SourceDate "2023.05.31"]
[SourceVersion "1"]
[SourceVersionDate "2023.05.31"]
[SourceQuality "1"]

1. d4 Nf6 2. Bf4 d5 3. e3 e6 4. Nf3 c5 5. c3 Be7 6. h3 Nbd7 7. Nbd2 b6 8. Bd3 Bb7 9. Qb1 h6 10. a4 a6 11. b4 cxd4 12. cxd4 0-0 13. 0-0 Rc8 14. Qb2 Ne4 15. Rfc1 Ndf6 16. Ne5 Bd6 17. Rxc8 Qxc8 18. Rc1 Qa8 19. Bxe4 dxe4 20. Ndc4 Bxe5 21. Bxe5 Nd5 22. Nd6 Rd8 23. b5 a5 24. Qe2 f6 25. Bg3 Rd7 26. Qg4 f5 27. Qg6 Re7 28. Bh4 1-0

[Event "Bucharest Grand Prix"]
[Site "Bucharest"]
[Date "2023.04.29"]
[Round "2"]
[White "Coman, Mihnea George"]
[Black "Oparin, Grigoriy"]
[Result "0-1"]
[WhiteElo "2197"]
[BlackElo "2667"]
[PlyCount "64"]
[EventDate "2023.04.29"]
[EventType "swiss (rapid)"]
[EventRounds "10"]
[EventCountry "ROU"]
[SourceTitle "CBM 213 Extra"]
[Source "ChessBase"]
[SourceDate "2023.05.31"]
[SourceVersion "1"]
[SourceVersionDate "2023.05.31"]
[SourceQuality "1"]

1. e4 c5 2. Nf3 d6 3. d4 cxd4 4. Nxd4 Nf6 5. Nc3 Nc6 6. Bg5 e6 7. Qd2 a6 8. 0-0-0 Bd7 9. f3 Nxd4 10. Qxd4 Be7 11. h4 Qc7 12. Kb1 b5 13. Be3 h5 14. Bg5 Rb8 15. Qd2 b4 16. Ne2 a5 17. Nd4 a4 18. Bd3 g6 19. f4 Ng4 20. Bxe7 Kxe7 21. f5 e5 22. Nf3 gxf5 23. exf5 f6 24. Be4 a3 25. b3 Qc5 26. Ne1 Nf2 27. Qe2 Nxh1 28. Nd3 Qd4 29. Rxh1 d5 30. Bf3 Bxf5 31. Rd1 Rbc8 32. Bxd5 Bxd3 0-1

[Event "Braila GP RO Stage 5"]
[Site "Braila"]
[Date "2022.11.05"]
[Round "2"]
[White "Coman, Mihnea George"]
[Black "Mikhalevski, Victor"]
[Result "0-1"]
[WhiteElo "2198"]
[BlackElo "2517"]
[PlyCount "116"]
[EventDate "2022.11.05"]
[EventType "swiss (rapid)"]
[EventRounds "10"]
[EventCountry "ROU"]
[SourceTitle "EXT 2024"]
[Source "ChessBase"]
[SourceDate "2023.10.10"]
[SourceVersion "1"]
[SourceVersionDate "2023.10.10"]
[SourceQuality "1"]

1. e4 e5 2. Nf3 Nc6 3. d4 exd4 4. Nxd4 Nf6 5. Nxc6 bxc6 6. e5 Qe7 7. Qe2 Nd5 8. c4 Nb6 9. Nd2 a5 10. g3 a4 11. Bg2 Qe6 12. Rb1 Bb4 13. b3 axb3 14. axb3 Ra2 15. 0-0 0-0 16. f4 d5 17. Rb2 Ra1 18. f5 Qe7 19. Rb1 Bc3 20. Rxa1 Bxa1 21. Nf3 Bxf5 22. Bg5 f6 23. Bxf6 Rxf6 24. Rxa1 Bg4 25. cxd5 cxd5 26. Re1 Re6 27. h3 Bxf3 28. Bxf3 Nd7 29. Qd2 c6 30. Bg4 Rxe5 31. Ra1 Qc5+ 32. Kh1 Nf6 33. Rc1 Qe3 34. Qxe3 Rxe3 35. Rxc6 Nxg4 36. hxg4 Rxg3 37. Rd6 Rxg4 38. Rxd5 Rb4 39. Rd3 h5 40. Kh2 Kh7 41. Rc3 Kh6 42. Kg2 h4 43. Kh3 Kh5 44. Kg2 g5 45. Kh2 Rb5 46. Kg2 Rb8 47. Rd3 Rb7 48. Rc3 Rb5 49. Rd3 g4 50. Rc3 Kg5 51. Kf2 Rd5 52. b4 Kf4 53. Rc4+ Kf5 54. Rc8 g3+ 55. Kf3 Rd3+ 56. Ke2 Rb3 57. Rc4 h3 58. Rh4 h2 0-1

[Event "ROM-ch blitz"]
[Site "Bucharest"]
[Date "2022.03.13"]
[Round "3"]
[White "Coman, Mihnea George"]
[Black "Stan, Andrei Mihaita"]
[Result "1-0"]
[WhiteElo "2050"]
[BlackElo "1740"]
[PlyCount "125"]
[EventDate "2022.03.13"]
[EventType "swiss (blitz)"]
[EventRounds "9"]
[EventCountry "ROU"]
[SourceTitle "EXT 2023"]
[Source "ChessBase"]
[SourceDate "2022.10.05"]
[SourceVersion "1"]
[SourceVersionDate "2022.10.05"]
[SourceQuality "1"]

1. e4 c5 2. Nf3 a6 3. c4 d6 4. d4 Bg4 5. d5 g6 6. Nc3 Bg7 7. h3 Bxf3 8. Qxf3 Nf6 9. Bd3 0-0 10. 0-0 e6 11. Bg5 h6 12. Bh4 g5 13. Bg3 e5 14. Bh2 Nh7 15. Ne2 f5 16. exf5 Nf6 17. Nc3 Nbd7 18. Rfe1 Rb8 19. Qe2 Qa5 20. a4 Kh8 21. Qc2 Rfe8 22. Kh1 Qc7 23. a5 b6 24. axb6 Qxb6 25. Ra2 Rb7 26. Rea1 Nb8 27. f3 Nh5 28. Qe2 Qd8 29. Ne4 Nf6 30. Qf2 Rb3 31. Bc2 Rb4 32. b3 Rf8 33. Qe2 Qe7 34. Bg3 Rb7 35. Bh2 Rb4 36. Qe1 Rb7 37. Bg3 Nh5 38. Bf2 Nf6 39. h4 Nh5 40. hxg5 hxg5 41. Kg1 Nf4 42. Be3 Qf7 43. Kf2 Kg8 44. Qh1 g4 45. Nxd6 g3+ 46. Kxg3 Qd7 47. Nxb7 Qxb7 48. Kf2 Qf7 49. g3 Nh5 50. f6 Bxf6 51. g4 Nf4 52. g5 Bg7 53. Qh4 Ng6 54. Qg3 e4 55. Rf1 exf3 56. Be4 Nd7 57. Rxa6 Nde5 58. Bxc5 Rb8 59. Ra7 Qe8 60. Bxg6 Qxg6 61. Kg1 Rxb3 62. Ra8+ Kf7 63. Qf4+ 1-0

[Event "Satu Mare Szabo Memorial"]
[Site "Satu Mare"]
[Date "2021.08.12"]
[Round "5"]
[White "Filip, Andrei"]
[Black "Coman, Mihnea George"]
[Result "1-0"]
[WhiteElo "2188"]
[BlackElo "2100"]
[PlyCount "91"]
[EventDate "2021.08.08"]
[EventType "swiss"]
[EventRounds "9"]
[EventCountry "ROU"]
[SourceTitle "CBM 203 Extra"]
[Source "ChessBase"]
[SourceDate "2021.09.30"]
[SourceVersion "1"]
[SourceVersionDate "2021.09.30"]
[SourceQuality "1"]

1. e4 c5 2. Nf3 Nc6 3. Bb5 g6 4. Bxc6 bxc6 5. 0-0 Bg7 6. e5 f6 7. Re1 fxe5 8. Nxe5 Qc7 9. Nf3 Nf6 10. d4 cxd4 11. Qxd4 d6 12. Bh6 0-0 13. Bxg7 Kxg7 14. Nbd2 e5 15. Qb4 Bg4 16. Ng5 Bf5 17. c4 Rfe8 18. Qc3 Re7 19. h3 Rae8 20. Ngf3 Qb8 21. Re2 d5 22. Rae1 e4 23. g4 Qd6 24. c5 Qf4 25. g5 Bxh3 26. gxf6+ Qxf6 27. Qxf6+ Kxf6 28. Nd4 Bd7 29. b4 Re5 30. f4 Rh5 31. b5 cxb5 32. c6 Bc8 33. Nxb5 Ba6 34. Nc7 Bxe2 35. Nxe8+ Ke7 36. Rxe2 Kxe8 37. Nb3 g5 38. Rc2 Kd8 39. Nd4 gxf4 40. c7+ Kc8 41. Nb5 Rg5+ 42. Kf1 Rg8 43. Nxa7+ Kb7 44. c8Q+ Rxc8 45. Nxc8 e3 46. Nd6+ 1-0

[Event "Satu Mare Szabo Memorial"]
[Site "Satu Mare"]
[Date "2021.08.09"]
[Round "2"]
[White "Coman, Mihnea George"]
[Black "Breitkopf, Ioan Francisc"]
[Result "1-0"]
[WhiteElo "2100"]
[BlackElo "1898"]
[PlyCount "103"]
[EventDate "2021.08.08"]
[EventType "swiss"]
[EventRounds "9"]
[EventCountry "ROU"]
[SourceTitle "CBM 203 Extra"]
[Source "ChessBase"]
[SourceDate "2021.09.30"]
[SourceVersion "1"]
[SourceVersionDate "2021.09.30"]
[SourceQuality "1"]

1. e4 c5 2. Nf3 Nc6 3. d4 cxd4 4. Nxd4 Nf6 5. Nc3 e6 6. Ndb5 d6 7. Bf4 e5 8. Bg5 a6 9. Na3 b5 10. Nd5 Be7 11. Bxf6 Bxf6 12. c4 b4 13. Nc2 Rb8 14. g3 0-0 15. Bg2 Bg5 16. 0-0 b3 17. Nce3 Nd4 18. f4 Be7 19. Rf2 f6 20. axb3 Rxb3 21. Rd2 Rb8 22. b4 Rf7 23. Ra3 Bf8 24. Nc2 Nc6 25. Bf1 Bb7 26. Bh3 Bc8 27. Bxc8 Qxc8 28. Qa1 f5 29. exf5 Qxf5 30. Rxa6 Nd8 31. Nce3 Qe4 32. Ra8 Rfb7 33. Rxb8 Rxb8 34. Qa2 exf4 35. gxf4 Rxb4 36. Nxb4 Qxe3+ 37. Kg2 Qe4+ 38. Kf1 Qh1+ 39. Ke2 Qxh2+ 40. Kd1 Qh1+ 41. Kc2 Qe4+ 42. Nd3 Ne6 43. Kd1 Nd4 44. c5+ d5 45. Kc1 Nf3 46. Rd1 Qe3+ 47. Kb1 Qe4 48. c6 Bd6 49. Ka1 Nd4 50. Nf2 Nc2+ 51. Kb2 Ba3+ 52. Kb1 1-0

[Event "Arad op-A 14th"]
[Site "Arad"]
[Date "2021.07.31"]
[Round "2"]
[White "Coman, Mihnea George"]
[Black "Schitco, Ivan"]
[Result "0-1"]
[WhiteElo "2133"]
[BlackElo "2469"]
[PlyCount "116"]
[EventDate "2021.07.30"]
[EventType "swiss"]
[EventRounds "9"]
[EventCountry "ROU"]
[SourceTitle "CBM 203 Extra"]
[Source "ChessBase"]
[SourceDate "2021.09.30"]
[SourceVersion "1"]
[SourceVersionDate "2021.09.30"]
[SourceQuality "1"]

1. e4 c5 2. Nf3 d6 3. d4 cxd4 4. Nxd4 Nf6 5. Nc3 Nc6 6. Bg5 e6 7. Qd2 a6 8. 0-0-0 Bd7 9. f3 Nxd4 10. Qxd4 Be7 11. h4 Qc7 12. h5 h6 13. Be3 b5 14. g4 Rb8 15. Kb1 b4 16. Ne2 e5 17. Qd2 Be6 18. g5 hxg5 19. Bxg5 Rxh5 20. Rxh5 Nxh5 21. Bxe7 Kxe7 22. Qg5+ Nf6 23. Ng3 Kf8 24. Bd3 Ng8 25. Nf5 g6 26. Ne3 a5 27. f4 exf4 28. Qxf4 Qc5 29. Bc4 Re8 30. Bxe6 Rxe6 31. Nd5 a4 32. Rf1 Qa7 33. Qg4 Kg7 34. Nf4 Re5 35. Nd3 Rb5 36. Qf4 Qe7 37. Qe3 b3 38. Qd4+ Nf6 39. Qxa4 bxc2+ 40. Kxc2 Rh5 41. Qd4 Rh4 42. Qc3 Rxe4 43. Kb1 d5 44. a3 d4 45. Qc6 Re3 46. Qc2 Qe4 47. Nb4 d3 48. Qd2 Ng4 49. Ka1 Ne5 50. Qc3 Qc4 51. Qd2 Qc5 52. Rc1 Nf3 53. Rxc5 Nxd2 54. Rd5 Nb3+ 55. Ka2 d2 56. Nc2 Rf3 57. a4 Nc1+ 58. Kb1 Nd3 0-1

[Event "Arad op-A 14th"]
[Site "Arad"]
[Date "2021.07.31"]
[Round "3"]
[White "Obada, Ema"]
[Black "Coman, Mihnea George"]
[Result "0-1"]
[WhiteElo "1981"]
[BlackElo "2133"]
[PlyCount "116"]
[EventDate "2021.07.30"]
[EventType "swiss"]
[EventRounds "9"]
[EventCountry "ROU"]
[SourceTitle "CBM 203 Extra"]
[Source "ChessBase"]
[SourceDate "2021.09.30"]
[SourceVersion "1"]
[SourceVersionDate "2021.09.30"]
[SourceQuality "1"]

1. e4 e6 2. d4 d5 3. Nd2 c5 4. Ngf3 cxd4 5. Nxd4 Nc6 6. Bb5 Bd7 7. Nxc6 bxc6 8. Bd3 Bd6 9. 0-0 e5 10. Nb3 Nf6 11. Bg5 h6 12. Bxf6 Qxf6 13. c4 0-0 14. Qe2 dxe4 15. Qxe4 g6 16. c5 Bc7 17. Nd2 Rfe8 18. Bc4 Bf5 19. Qe3 Kg7 20. Ne4 Qe7 21. b4 a5 22. a3 Reb8 23. bxa5 Rxa5 24. f3 Be6 25. Bxe6 Qxe6 26. Kh1 Rb3 27. Qc1 f5 28. Nf2 Qe7 29. Qc4 Rbxa3 30. Rab1 Rxc5 31. Qb4 Rac3 32. Qb7 e4 33. fxe4 Qe5 34. g3 Rxg3 35. Qb2 Rgc3 36. Nd1 Rc2 37. Qxe5+ Bxe5 38. exf5 gxf5 39. Ne3 Rxh2+ 40. Kg1 Re2 41. Nxf5+ Kg6 42. Nh4+ Kh5 43. Rb4 Bc3 44. Ra4 Rg5+ 45. Kh1 Rg4 46. Rxg4 Kxg4 47. Nf3 Kg3 48. Kg1 c5 49. Rc1 Bb4 50. Rf1 Bc3 51. Rc1 Bd4+ 52. Nxd4 cxd4 53. Rd1 h5 54. Kf1 Rf2+ 55. Kg1 Rf4 56. Rd3+ Kg4 57. Kg2 h4 58. Rb3 Kf5 0-1

[Event "Romania blitz online op final"]
[Site "Chess.com INT"]
[Date "2020.05.06"]
[Round "7"]
[White "Padurariu, Mihai Edward"]
[Black "Coman, Mihnea George"]
[Result "1/2-1/2"]
[WhiteElo "2084"]
[BlackElo "2064"]
[PlyCount "75"]
[EventDate "2020.05.06"]
[EventType "swiss (blitz)"]
[EventRounds "9"]
[EventCountry "ROU"]
[SourceTitle "CBM 196 Extra"]
[Source "ChessBase"]
[SourceDate "2020.07.31"]
[SourceVersion "1"]
[SourceVersionDate "2020.07.31"]
[SourceQuality "1"]

1. e4 c5 2. b3 Nc6 3. Bb2 e6 4. Nf3 d5 5. exd5 exd5 6. Bb5 Nf6 7. 0-0 Be7 8. Bxc6+ bxc6 9. Ne5 Qc7 10. f4 0-0 11. d3 Ba6 12. Nd2 Rfe8 13. a4 Rab8 14. Rb1 d4 15. Qf3 Nd5 16. Nec4 Bf8 17. f5 f6 18. Rbe1 Nb4 19. Rc1 Qd7 20. Ba3 Nd5 21. Rce1 Nc3 22. Ne4 Nxe4 23. Rxe4 Rxe4 24. Qxe4 Bxc4 25. dxc4 Re8 26. Qf3 Re5 27. Bc1 Bd6 28. g4 Qe7 29. Bf4 Re1 30. Bxd6 Rxf1+ 31. Qxf1 Qxd6 32. Qf3 h6 33. Qe2 Qf4 34. Qe8+ Kh7 35. Qg6+ Kg8 36. Qe8+ Kh7 37. Qg6+ Kg8 38. Qe8+ 1/2-1/2

[Event "Romania rapid online op final"]
[Site "Chess.com INT"]
[Date "2020.05.01"]
[Round "2"]
[White "Coman, Mihnea George"]
[Black "Ognean, Mihnea Ionut"]
[Result "0-1"]
[WhiteElo "2064"]
[BlackElo "2298"]
[PlyCount "110"]
[EventDate "2020.05.01"]
[EventType "swiss (rapid)"]
[EventRounds "7"]
[EventCountry "ROU"]
[SourceTitle "CBM 196 Extra"]
[Source "ChessBase"]
[SourceDate "2020.07.31"]
[SourceVersion "1"]
[SourceVersionDate "2020.07.31"]
[SourceQuality "1"]

1. e4 c5 2. Nf3 Nc6 3. d4 cxd4 4. Nxd4 Nf6 5. Nc3 e5 6. Ndb5 d6 7. Bg5 a6 8. Na3 b5 9. Nd5 Be7 10. Bxf6 Bxf6 11. c4 b4 12. Nc2 0-0 13. g3 a5 14. Bg2 Be6 15. 0-0 Rc8 16. b3 g6 17. a3 bxa3 18. Rxa3 Bg7 19. Nce3 Rb8 20. Qd2 Nd4 21. Rb1 f5 22. Qxa5 Qxa5 23. Rxa5 Nxb3 24. Ra6 Nd4 25. Rab6 Rxb6 26. Rxb6 f4 27. Nd1 Ra8 28. Rb1 f3 29. Bf1 Bxd5 30. cxd5 Bh6 31. Nc3 Bd2 32. Nb5 Rb8 33. Bd3 Nxb5 34. Bxb5 Kg7 35. h3 Bc3 36. Rb3 Bd4 37. Bc4 Rc8 38. Bf1 Bc3 39. Rb6 Bd4 40. Rb3 Rf8 41. Bd3 h5 42. Bb5 Kh6 43. Bc6 h4 44. Kf1 hxg3 45. fxg3 f2 46. Bb5 Ra8 47. Kg2 Ra1 48. Bd3 Rg1+ 49. Kh2 f1Q 50. Bxf1 Rxf1 51. g4 Kg5 52. Kg3 Rg1+ 53. Kf3 Kh4 54. Rb8 Rg3+ 55. Ke2 Rxh3 0-1

[Event "Romania rapid online op final"]
[Site "Chess.com INT"]
[Date "2020.05.01"]
[Round "1"]
[White "Coman, Mihnea George"]
[Black "Stefan, Romulus Cristian"]
[Result "1-0"]
[WhiteElo "2064"]
[BlackElo "2151"]
[PlyCount "111"]
[EventDate "2020.05.01"]
[EventType "swiss (rapid)"]
[EventRounds "7"]
[EventCountry "ROU"]
[SourceTitle "CBM 196 Extra"]
[Source "ChessBase"]
[SourceDate "2020.07.31"]
[SourceVersion "1"]
[SourceVersionDate "2020.07.31"]
[SourceQuality "1"]

1. e4 c5 2. Nf3 e6 3. d4 cxd4 4. Nxd4 Nf6 5. Nc3 Nc6 6. Ndb5 Bb4 7. a3 Bxc3+ 8. Nxc3 d5 9. exd5 exd5 10. Bd3 0-0 11. 0-0 d4 12. Ne4 Bf5 13. Bg5 Bxe4 14. Bxe4 h6 15. Bh4 g5 16. Bxc6 bxc6 17. Bg3 Qd5 18. Qd3 Rfe8 19. Rad1 Rad8 20. Qa6 Rd7 21. Rfe1 Re6 22. f3 c5 23. Rxe6 Qxe6 24. Qxe6 fxe6 25. Be5 Nd5 26. b3 Ne3 27. Rd2 Rd5 28. Bg3 a5 29. Bf2 Nf5 30. Kf1 Kf7 31. Ke2 Nd6 32. Kd3 Nb5 33. a4 Nc3 34. Bg3 e5 35. h4 Ke6 36. hxg5 hxg5 37. Be1 Rd7 38. Rf2 Nd1 39. Re2 Ra7 40. Bd2 Kd5 41. Bxg5 Nb2+ 42. Kd2 Ra6 43. Kc1 d3 44. Rd2 c4 45. Kxb2 Kd4 46. bxc4 Rb6+ 47. Ka3 Kc3 48. c5 Rg6 49. Rxd3+ Kxc2 50. Rd2+ Kc3 51. Be3 Rg8 52. c6 Rc8 53. Rd6 Kc4 54. Bb6 Rb8 55. c7 Rc8 56. Rd8 1-0

[Event "Romania rapid online op final"]
[Site "Chess.com INT"]
[Date "2020.05.01"]
[Round "3"]
[White "Sofronie, Iulian"]
[Black "Coman, Mihnea George"]
[Result "1-0"]
[WhiteElo "2467"]
[BlackElo "2064"]
[PlyCount "107"]
[EventDate "2020.05.01"]
[EventType "swiss (rapid)"]
[EventRounds "7"]
[EventCountry "ROU"]
[SourceTitle "CBM 196 Extra"]
[Source "ChessBase"]
[SourceDate "2020.07.31"]
[SourceVersion "1"]
[SourceVersionDate "2020.07.31"]
[SourceQuality "1"]

1. e4 c5 2. Nf3 Nc6 3. Bb5 g6 4. Bxc6 bxc6 5. 0-0 Bg7 6. Re1 Nf6 7. c3 0-0 8. e5 Nd5 9. d4 cxd4 10. Qxd4 d6 11. Qh4 dxe5 12. Nxe5 Qd6 13. Nc4 Qc7 14. Bh6 Ba6 15. Nbd2 Rae8 16. Bxg7 Kxg7 17. Qd4+ f6 18. Ne3 e5 19. Qa4 Qb6 20. Ndc4 Bxc4 21. Nxc4 Qc7 22. Qa5 Nb6 23. Qc5 Rd8 24. Rad1 Rxd1 25. Rxd1 Rd8 26. Rxd8 Qxd8 27. g3 Nxc4 28. Qxc4 Qd6 29. Qe4 f5 30. Qe2 Kf6 31. b4 Qd5 32. Qc2 Qc4 33. Qd2 Ke6 34. h3 Qd5 35. Qe2 a5 36. a3 e4 37. c4 Qd4 38. bxa5 Qa1+ 39. Kh2 Qxa3 40. Qd2 g5 41. Qxg5 Qxa5 42. Qg8+ Kd6 43. Qxh7 Qc5 44. Kg2 Ke6 45. Qg8+ Ke5 46. Qg7+ Ke6 47. Qc3 Qd6 48. Qe3 Kf7 49. h4 Qe6 50. c5 Qf6 51. Qf4 Kg6 52. Qd6 Qxd6 53. cxd6 Kf6 54. h5 1-0

[Event "Romania rapid online op final"]
[Site "Chess.com INT"]
[Date "2020.05.01"]
[Round "6"]
[White "Stefanache, Mihail"]
[Black "Coman, Mihnea George"]
[Result "0-1"]
[WhiteElo "2068"]
[BlackElo "2064"]
[PlyCount "70"]
[EventDate "2020.05.01"]
[EventType "swiss (rapid)"]
[EventRounds "7"]
[EventCountry "ROU"]
[SourceTitle "CBM 196 Extra"]
[Source "ChessBase"]
[SourceDate "2020.07.31"]
[SourceVersion "1"]
[SourceVersionDate "2020.07.31"]
[SourceQuality "1"]

1. d4 Nf6 2. c4 g6 3. Nc3 Bg7 4. e4 d6 5. Nf3 0-0 6. Be2 e5 7. 0-0 Nc6 8. d5 Ne7 9. Ne1 Nd7 10. Be3 f5 11. f3 f4 12. Bf2 g5 13. Rc1 Rf7 14. Nd3 Ng6 15. c5 dxc5 16. Nxc5 Nxc5 17. Bxc5 Bf8 18. Bf2 Rg7 19. Qb3 Kh8 20. d6 Bxd6 21. Rfd1 a6 22. Bc4 g4 23. Kf1 Nh4 24. Nd5 b5 25. Be2 gxf3 26. Bxf3 Nxf3 27. gxf3 Be6 28. Qd3 Qe8 29. b3 Rd8 30. Qc3 Qh5 31. Ke2 Bxd5 32. exd5 Rg2 33. Rg1 Rdg8 34. Qd3 Rxf2+ 35. Kxf2 Qxh2+ 0-1

[Event "Arad op 10th"]
[Site "Arad"]
[Date "2017.08.10"]
[Round "6"]
[White "Takacs, Laszlo"]
[Black "Coman, Mihnea George"]
[Result "1/2-1/2"]
[WhiteElo "2229"]
[BlackElo "2029"]
[PlyCount "121"]
[EventDate "2017.08.06"]
[EventType "swiss"]
[EventRounds "9"]
[EventCountry "ROU"]
[SourceTitle "CBM 179 Extra"]
[Source "ChessBase"]
[SourceDate "2017.08.23"]
[SourceVersion "1"]
[SourceVersionDate "2017.08.23"]
[SourceQuality "1"]

1. e4 c5 2. Nf3 Nc6 3. d4 cxd4 4. Nxd4 g6 5. c4 Bg7 6. Be3 d6 7. Nc3 Nf6 8. Be2 0-0 9. 0-0 Nxd4 10. Bxd4 Bd7 11. f3 Bc6 12. Qd2 a5 13. b3 Nd7 14. Be3 Nc5 15. Rab1 Qb6 16. Rfc1 Qb4 17. Rc2 Qa3 18. Nb5 Bxb5 19. cxb5 Ne6 20. Bc4 Qb4 21. Bxe6 fxe6 22. Qxb4 axb4 23. Bd2 Bd4+ 24. Kf1 Bc5 25. Ke2 Ra3 26. Kd3 Rfa8 27. Rbb2 e5 28. Be3 b6 29. Bf2 Kf7 30. Re2 R3a5 31. Be1 Rxb5 32. Rbc2 Rba5 33. a4 b5 34. axb5 Rxb5 35. Ra2 Rxa2 36. Rxa2 Rb8 37. h3 e6 38. Kc4 Rc8 39. Bxb4 d5+ 40. Kb5 Bxb4 41. Kxb4 Rb8+ 42. Kc3 d4+ 43. Kc2 Rc8+ 44. Kd2 Rb8 45. Ra3 Kf6 46. Kd3 Kg5 47. g3 h5 48. h4+ Kf6 49. f4 Rb6 50. fxe5+ Kxe5 51. Ra5+ Kf6 52. Kc4 d3 53. Kc3 d2 54. Ra1 Ke5 55. Rd1 Kxe4 56. Rxd2 Kf3 57. Rd3+ Ke4 58. Rd8 Kf3 59. Rd3+ Ke4 60. Rd8 Kf3 61. Rd3+ 1/2-1/2